| 000 | 00497cam a2200193ua 4500 | ||
|---|---|---|---|
| 001 | 2728 | ||
| 008 | 110907n ii |||gr||||Z||||||asm | ||
| 040 | _cMAIN | ||
| 082 | _a891.4512 | ||
| 100 | 1 |
_aThakur, Ramcharan, _eAuthor. |
|
| 245 | 1 | 1 |
_aKanshabadh natak _cby Ramcharan Thakur |
| 250 | _a1st. | ||
| 260 |
_aGuahati: _bSarada Prakashan, _c2004. |
||
| 300 |
_a137p: _c23cm. |
||
| 653 | _aAssamese drama | ||
| 653 | _aKanshabadh natak | ||
| 700 | 1 |
_aSharma, Basanta Kumar, _eAuthor. |
|
| 942 | _cBK | ||
| 999 |
_c2577 _d2577 |
||